| 000 | 01049cam a22003134a 4500 | ||
|---|---|---|---|
| 001 | 13170110 | ||
| 005 | 20180814081842.0 | ||
| 008 | 030421s2003 enkab eb 001 0 eng | ||
| 010 | _a 2003008992 | ||
| 020 | _a0195105079 (set) | ||
| 020 | _a0195170903 (v. 1 : alk. paper) | ||
| 020 | _a0195170911 (v. 2 : alk. paper) | ||
| 020 | _a019517092X (v. 3 : alk. paper) | ||
| 020 | _a0195170938 (v. 4 : alk. paper) | ||
| 020 | _a0195170946 (v. 5 : alk. paper) | ||
| 040 |
_aDLC _cDLC _dDLC |
||
| 041 | _aeng | ||
| 042 | _apcc | ||
| 080 | _a330.03 MOK | ||
| 082 | 0 | 0 |
_a330.03 MOK _221 |
| 100 | _a23 | ||
| 101 | _aENC | ||
| 245 | 0 | 4 |
_aThe Oxford encyclopedia of economic history / _cJoel Mokyr, editor in chief. |
| 246 | 3 | 0 | _aEncyclopedia of economic history |
| 504 | _aIncludes bibliographical references and index. | ||
| 906 |
_a7 _bcbc _corignew _d1 _eecip _f20 _gy-gencatlg |
||
| 942 |
_2ddc _cBK |
||
| 999 |
_c47148 _d47148 |
||